[Event "Belgrade-chT Quality"]
[Site "Belgrade"]
[Date "2022.10.01"]
[Round "1.4"]
[White "Brankovic, Vladislav"]
[Black "Orlov, Konstantin N"]
[Result "1/2-1/2"]
[WhiteElo "2125"]
[BlackElo "2147"]
[PlyCount "47"]
[EventDate "2022.10.01"]
[EventType "team-tourn"]
[EventRounds "11"]
[EventCountry "SRB"]
[SourceTitle "CBM 210 Extra"]
[Source "ChessBase"]
[SourceDate "2022.11.30"]
[SourceVersion "1"]
[SourceVersionDate "2022.11.30"]
[SourceQuality "1"]
[WhiteTeam "Belgrade Turbina"]
[BlackTeam "Belgrade Radnicki"]
[WhiteTeamCountry "SRB"]
[BlackTeamCountry "SRB"]

1. e4 c5 2. Nf3 d6 3. c3 Nf6 4. Bd3 g6 5. 0-0 Bg7 6. Bc2 0-0 7. d4 Bg4 8. Be3 Qc7 9. Nbd2 Nbd7 10. h3 Bxf3 11. Nxf3 b5 12. Qd2 a5 13. Rac1 Rfd8 14. d5 Re8 15. Rfe1 a4 16. Bf4 Qb7 17. Bb1 Nb6 18. Qe2 Nc4 19. Bh2 Nd7 20. e5 dxe5 21. Nxe5 Bh6 22. Rcd1 Ndxe5 23. Bxe5 Bg7 24. Bxg7 1/2-1/2

[Event "Belgrade Premier League"]
[Site "Belgrade"]
[Date "2021.10.10"]
[Round "9.3"]
[White "Srdanovic, Jovana"]
[Black "Orlov, Konstantin N"]
[Result "1-0"]
[WhiteElo "2139"]
[BlackElo "2155"]
[PlyCount "105"]
[EventDate "2021.10.01"]
[EventType "team-tourn"]
[EventRounds "11"]
[EventCountry "SRB"]
[SourceTitle "CBM 204 Extra"]
[Source "ChessBase"]
[SourceDate "2021.11.30"]
[SourceVersion "1"]
[SourceVersionDate "2021.11.30"]
[SourceQuality "1"]
[WhiteTeam "Belgrade"]
[BlackTeam "Belgrade Radnicki"]
[WhiteTeamCountry "SRB"]
[BlackTeamCountry "SRB"]

1. d4 Nf6 2. c4 e6 3. Nc3 Bb4 4. e3 0-0 5. Nge2 b6 6. a3 Bxc3+ 7. Nxc3 d5 8. cxd5 exd5 9. Be2 Re8 10. 0-0 a5 11. Qc2 Ba6 12. Bxa6 Nxa6 13. f3 Qe7 14. Bd2 c5 15. Rae1 Rac8 16. Qd3 Nc7 17. dxc5 bxc5 18. Na4 c4 19. Qf5 Qe6 20. Qxe6 Nxe6 21. Bc3 Nc5 22. Nxc5 Rxc5 23. Rd1 a4 24. Rd2 Rb5 25. Kf2 h5 26. Rfd1 Reb8 27. h3 h4 28. Bb4 Re8 29. Rd4 g5 30. R4d2 Kg7 31. Bc3 Kg6 32. Bb4 Kf5 33. Bc3 Ke6 34. e4 Rd8 35. Re1 d4 36. Rxd4 Rxd4 37. Bxd4 Nh5 38. Rc1 Nf4 39. Rxc4 Nd3+ 40. Ke2 Nf4+ 41. Kf1 Nd3 42. Rxa4 Nxb2 43. Ra6+ Kd7 44. a4 Rb4 45. Bf6 Nxa4 46. Bxg5 Rb1+ 47. Kf2 Rb2+ 48. Kg1 Nc3 49. Ra7+ Ke6 50. Re7+ Kd6 51. Rxf7 Ne2+ 52. Kh2 Ng3 53. Bxh4 1-0

[Event "Belgrade Premier League"]
[Site "Belgrade"]
[Date "2021.10.07"]
[Round "6.6"]
[White "Radic, Rajko"]
[Black "Orlov, Konstantin N"]
[Result "0-1"]
[WhiteElo "2068"]
[BlackElo "2155"]
[PlyCount "77"]
[EventDate "2021.10.01"]
[EventType "team-tourn"]
[EventRounds "11"]
[EventCountry "SRB"]
[SourceTitle "CBM 204 Extra"]
[Source "ChessBase"]
[SourceDate "2021.11.30"]
[SourceVersion "1"]
[SourceVersionDate "2021.11.30"]
[SourceQuality "1"]
[WhiteTeam "Belgrade Bogoslov"]
[BlackTeam "Belgrade Radnicki"]
[WhiteTeamCountry "SRB"]
[BlackTeamCountry "SRB"]

1. e4 c5 2. Nf3 d6 3. d4 cxd4 4. Qxd4 Nc6 5. Bb5 Qa5+ 6. Nc3 Bg4 7. Qd3 a6 8. Bxc6+ bxc6 9. h3 Bxf3 10. Qxf3 g6 11. 0-0 Bg7 12. Bd2 Qc7 13. Qd3 Nf6 14. Be3 0-0 15. Bd4 e5 16. Be3 Rfd8 17. Bg5 Qb7 18. Qf3 Qe7 19. Rfd1 h6 20. Bxf6 Qxf6 21. Qxf6 Bxf6 22. Rd3 Rab8 23. Rad1 Rxb2 24. Rxd6 Rxd6 25. Rxd6 Rxc2 26. Rxc6 Bg5 27. Kf1 Kg7 28. Rc7 Bd8 29. Rd7 Bb6 30. Nd1 Rxa2 31. Rd6 Bd4 32. Ne3 a5 33. Rc6 a4 34. Nc2 a3 35. Nxd4 exd4 36. Ra6 Ra1+ 37. Ke2 a2 38. Ra3 d3+ 39. Rxd3 0-1

[Event "Belgrade Premier League"]
[Site "Belgrade"]
[Date "2021.10.01"]
[Round "1.3"]
[White "Orlov, Konstantin N"]
[Black "Ristic, Luka"]
[Result "0-1"]
[WhiteElo "2155"]
[BlackElo "2258"]
[PlyCount "102"]
[EventDate "2021.10.01"]
[EventType "team-tourn"]
[EventRounds "11"]
[EventCountry "SRB"]
[SourceTitle "CBM 204 Extra"]
[Source "ChessBase"]
[SourceDate "2021.11.30"]
[SourceVersion "1"]
[SourceVersionDate "2021.11.30"]
[SourceQuality "1"]
[WhiteTeam "Belgrade Radnicki"]
[BlackTeam "Belgrade Crvena Zvezda"]
[WhiteTeamCountry "SRB"]
[BlackTeamCountry "SRB"]

1. d4 Nf6 2. c4 a6 3. Nc3 c5 4. Nf3 cxd4 5. Nxd4 e6 6. g3 Qc7 7. Qd3 Nc6 8. Nxc6 Qxc6 9. Rg1 Bc5 10. Bg2 Qb6 11. e3 0-0 12. a3 Qb3 13. Bf1 b5 14. cxb5 Bb6 15. Qc4 Qxc4 16. Bxc4 d5 17. Be2 axb5 18. Bxb5 Bb7 19. Bd2 d4 20. Na4 Ba7 21. Rc1 Ng4 22. Nc5 dxe3 23. fxe3 Bd5 24. h3 Ne5 25. Ke2 Rab8 26. a4 Rfd8 27. Ba5 Rdc8 28. Na6 Bc4+ 29. Rxc4 Nxc4 30. Nxb8 Nxa5 31. Nd7 Rc2+ 32. Kf3 Nb3 33. Ke4 Rxb2 34. Kd3 Na5 35. Rc1 Rb3+ 36. Ke4 Rxe3+ 37. Kf4 g5+ 38. Kxg5 Rxg3+ 39. Kh4 Rg6 40. Ne5 Bf2+ 41. Kh5 Rf6 42. Ng4 Rf5+ 43. Kh6 Bc5 44. Rxc5 Rxc5 45. Nf6+ Kh8 46. Nxh7 Nb7 47. Ng5 Nd6 48. h4 Kg8 49. Bd3 Rc3 50. Bh7+ Kf8 51. h5 Ke7 0-1

[Event "SRB-chT"]
[Site "Ruma"]
[Date "2017.09.11"]
[Round "11.5"]
[White "Ivic, Matija"]
[Black "Orlov, Konstantin N"]
[Result "1-0"]
[WhiteElo "2300"]
[BlackElo "2176"]
[PlyCount "77"]
[EventDate "2017.09.01"]
[EventType "team-tourn"]
[EventRounds "11"]
[EventCountry "SRB"]
[SourceTitle "CBM 180 Extra"]
[Source "ChessBase"]
[SourceDate "2017.10.06"]
[SourceVersion "1"]
[SourceVersionDate "2017.10.06"]
[SourceQuality "1"]
[WhiteTeam "Paracin OSK"]
[BlackTeam "Pancevo Gligoric"]
[WhiteTeamCountry "SRB"]
[BlackTeamCountry "SRB"]

1. d4 Nf6 2. Nf3 d5 3. c4 e6 4. g3 c6 5. Qc2 Bd6 6. Bg2 0-0 7. 0-0 Nbd7 8. Nbd2 b6 9. e4 dxe4 10. Nxe4 Nxe4 11. Qxe4 Bb7 12. Rd1 Qc7 13. b3 Rad8 14. Bb2 Rfe8 15. Rac1 c5 16. Qc2 Bxf3 17. Bxf3 cxd4 18. Bxd4 Be5 19. Be3 Bd6 20. Qb2 Bc5 21. Bf4 e5 22. Bg5 Be7 23. Be3 Bc5 24. Bg5 Be7 25. Bxe7 Rxe7 26. Bg4 g6 27. Qa3 Nf6 28. Rxd8+ Qxd8 29. Rd1 Qe8 30. Bh3 e4 31. Qd6 Kg7 32. Qd4 Re5 33. Re1 Qe7 34. f4 Rc5 35. Re2 h5 36. a4 Qc7 37. Qb2 Ra5 38. Rd2 Qc6 39. Bg2 1-0

[Event "Chigorin Memorial 23rd"]
[Site "St Petersburg"]
[Date "2015.10.09"]
[Round "7"]
[White "Arslanov, Shamil"]
[Black "Orlov, Konstantin N"]
[Result "1-0"]
[WhiteElo "2416"]
[BlackElo "2222"]
[PlyCount "79"]
[EventDate "2015.10.03"]
[EventType "swiss"]
[EventRounds "9"]
[EventCountry "RUS"]
[SourceTitle "CBM 168 Extra"]
[Source "ChessBase"]
[SourceDate "2015.10.29"]
[SourceVersion "1"]
[SourceVersionDate "2015.10.29"]
[SourceQuality "1"]

1. d4 Nf6 2. c4 e6 3. Nc3 d5 4. cxd5 exd5 5. Bg5 Be7 6. e3 0-0 7. Bd3 Re8 8. Qc2 c5 9. Nge2 h6 10. Bxf6 Bxf6 11. dxc5 d4 12. Ne4 Nc6 13. Nxf6+ Qxf6 14. e4 Nb4 15. Qd2 Nxd3+ 16. Qxd3 b6 17. cxb6 axb6 18. f3 Qg5 19. Qxd4 Ba6 20. Nc3 Rad8 21. Qf2 Rd3 22. f4 Qd8 23. 0-0 Rxc3 24. bxc3 Bxf1 25. Rxf1 Rxe4 26. h3 Qf6 27. Qd2 Qe7 28. Rf3 h5 29. Kh1 Qe6 30. Rd3 g6 31. Rd4 h4 32. Rxe4 Qxe4 33. Qd8+ Kg7 34. Qd4+ Qxd4 35. cxd4 Kf6 36. Kg1 Kf5 37. d5 f6 38. g4+ hxg3 39. h4 b5 40. Kg2 1-0

[Event "Chigorin Memorial 23rd"]
[Site "St Petersburg"]
[Date "2015.10.05"]
[Round "3"]
[White "Khalaji, Hanieh"]
[Black "Orlov, Konstantin N"]
[Result "1/2-1/2"]
[WhiteElo "2006"]
[BlackElo "2222"]
[PlyCount "80"]
[EventDate "2015.10.03"]
[EventType "swiss"]
[EventRounds "9"]
[EventCountry "RUS"]
[SourceTitle "CBM 168 Extra"]
[Source "ChessBase"]
[SourceDate "2015.10.29"]
[SourceVersion "1"]
[SourceVersionDate "2015.10.29"]
[SourceQuality "1"]

1. e4 c5 2. Nc3 Nc6 3. g3 g6 4. Bg2 Bg7 5. d3 Nf6 6. f4 d6 7. Nf3 0-0 8. 0-0 Rb8 9. h3 b5 10. g4 b4 11. Ne2 c4 12. f5 cxd3 13. cxd3 Ba6 14. Be3 Qa5 15. Qd2 Qb5 16. Rad1 Nxe4 17. Qe1 Nc5 18. Nf4 Bb7 19. d4 Nd7 20. Qh4 Nf6 21. Rfe1 gxf5 22. g5 Ne4 23. Nh5 e6 24. Nf6+ Bxf6 25. gxf6 Kh8 26. Bh6 Rg8 27. d5 Qc5+ 28. Kh2 Nd8 29. Ng5 Bxd5 30. Bxe4 Bxe4 31. Bg7+ Rxg7 32. fxg7+ Kxg7 33. Nxe4 fxe4 34. Qxe4 b3 35. axb3 Rxb3 36. Rg1+ Kf8 37. Rg2 Nc6 38. Qxh7 Qe5+ 39. Kh1 Qf4 40. Kg1 Ne5 1/2-1/2

[Event "Chigorin Memorial 23rd"]
[Site "St Petersburg"]
[Date "2015.10.03"]
[Round "1"]
[White "Orlov, Konstantin N"]
[Black "Morozov, Boris Nikolaevich"]
[Result "1-0"]
[WhiteElo "2222"]
[BlackElo "1770"]
[PlyCount "57"]
[EventDate "2015.10.03"]
[EventType "swiss"]
[EventRounds "9"]
[EventCountry "RUS"]
[SourceTitle "CBM 168 Extra"]
[Source "ChessBase"]
[SourceDate "2015.10.29"]
[SourceVersion "1"]
[SourceVersionDate "2015.10.29"]
[SourceQuality "1"]

1. d4 e6 2. c4 f5 3. g3 Nf6 4. Bg2 Bb4+ 5. Nd2 0-0 6. Ngf3 c6 7. Qb3 Qe7 8. 0-0 d5 9. Ne5 Nbd7 10. Ndf3 Ba5 11. Bf4 Ne4 12. Qa4 Bd8 13. Nxd7 Bxd7 14. Ne5 g5 15. Bxe4 fxe4 16. Bxg5 Qxg5 17. Nxd7 Rf7 18. Ne5 Rg7 19. e3 h5 20. Qb3 h4 21. Qc3 Qh6 22. Kh1 hxg3 23. fxg3 Bg5 24. Rae1 Re8 25. Re2 Qh3 26. Rff2 Rh7 27. Qc2 dxc4 28. Qxe4 Qxg3 29. Qg6+ 1-0

[Event "SRB-chT"]
[Site "Kragujevac"]
[Date "2015.08.26"]
[Round "7.3"]
[White "Paunovic, Dragan"]
[Black "Orlov, Konstantin N"]
[Result "1-0"]
[WhiteElo "2423"]
[BlackElo "2227"]
[PlyCount "63"]
[EventDate "2015.08.20"]
[EventType "team-tourn"]
[EventRounds "11"]
[EventCountry "YUG"]
[SourceTitle "EXT 2016"]
[Source "ChessBase"]
[SourceDate "2015.10.08"]
[SourceVersion "1"]
[SourceVersionDate "2015.10.08"]
[SourceQuality "1"]
[WhiteTeam "Kac Jugovic"]
[BlackTeam "Pancevo Gligoric"]
[WhiteTeamCountry "SRB"]
[BlackTeamCountry "SRB"]

1. Nf3 g6 2. g3 c5 3. c4 Bg7 4. Nc3 Nc6 5. Bg2 e6 6. 0-0 Nge7 7. d3 0-0 8. Bg5 h6 9. Bd2 d5 10. a3 b6 11. Rb1 a5 12. Qc2 Bb7 13. Na4 Ra6 14. Rfe1 Qa8 15. Nc3 Nf5 16. Nb5 Rc8 17. cxd5 exd5 18. e3 Ne5 19. Nxe5 Bxe5 20. a4 h5 21. Rbc1 Qb8 22. Bh3 h4 23. Bxf5 hxg3 24. hxg3 Bxg3 25. Bxc8 Bxf2+ 26. Kxf2 Qh2+ 27. Kf3 Bxc8 28. Rg1 Qh3+ 29. Rg3 Bg4+ 30. Kf2 Qh2+ 31. Rg2 Qh4+ 32. Kg1 1-0

[Event "Vojvodina-chT 2nd League"]
[Site "Stari Banovci"]
[Date "2013.11.07"]
[Round "5"]
[White "Orlov, Konstantin N"]
[Black "Zobenica, Ivan"]
[Result "0-1"]
[WhiteElo "2236"]
[BlackElo "2064"]
[PlyCount "72"]
[EventDate "2013.11.03"]
[EventType "team-tourn"]
[EventRounds "11"]
[EventCountry "SRB"]
[SourceTitle "EXT 2015"]
[Source "ChessBase"]
[SourceDate "2014.11.20"]
[SourceVersion "1"]
[SourceVersionDate "2014.11.20"]
[SourceQuality "1"]

1. Nf3 Nf6 2. c4 d6 3. d4 Nbd7 4. Nc3 e5 5. e4 c6 6. Be2 Be7 7. 0-0 0-0 8. b4 d5 9. exd5 Bxb4 10. Qb3 Bxc3 11. Qxc3 e4 12. Nd2 cxd5 13. cxd5 Nxd5 14. Qb3 N7f6 15. Nc4 Be6 16. Qg3 Qc7 17. Qxc7 Nxc7 18. Ba3 Rfd8 19. Nd6 Bd5 20. Rfc1 Ne6 21. Bc4 Nxd4 22. Bxd5 Nxd5 23. Rc4 Nc3 24. Nxb7 Rdc8 25. Rxc8+ Rxc8 26. Nd6 Rc6 27. Kf1 Nc2 28. Rc1 Nxa3 29. Nxe4 Nab1 30. f3 f5 31. Nxc3 Nxc3 32. Ke1 Re6+ 33. Kd2 Nxa2 34. Rc8+ Kf7 35. Rc7+ Re7 36. Rc4 Rb7 0-1

[Event "Vojvodina-chT 2nd League"]
[Site "Stari Banovci"]
[Date "2013.11.05"]
[Round "3"]
[White "Orlov, Konstantin N"]
[Black "Marjanusic, Vladimir"]
[Result "1/2-1/2"]
[WhiteElo "2236"]
[BlackElo "2272"]
[PlyCount "60"]
[EventDate "2013.11.03"]
[EventType "team-tourn"]
[EventRounds "11"]
[EventCountry "SRB"]
[SourceTitle "EXT 2015"]
[Source "ChessBase"]
[SourceDate "2014.11.20"]
[SourceVersion "1"]
[SourceVersionDate "2014.11.20"]
[SourceQuality "1"]

1. d4 d5 2. c4 c6 3. Nc3 Nf6 4. Nf3 e6 5. e3 Nbd7 6. b3 Bb4 7. Bd2 Qe7 8. Be2 0-0 9. 0-0 b6 10. Qc1 Bb7 11. Re1 Rac8 12. a3 Bd6 13. Qb2 c5 14. cxd5 exd5 15. dxc5 bxc5 16. b4 Ne4 17. Nb5 Nxd2 18. Qxd2 Bb8 19. bxc5 Nxc5 20. Nbd4 Ne4 21. Qb2 g6 22. Rab1 Ba8 23. Rec1 Bd6 24. Nb5 Bc5 25. Qe5 Bxa3 26. Qxe7 Bxe7 27. Nxa7 Rxc1+ 28. Rxc1 Bf6 29. Nd4 Bxd4 30. exd4 Nd6 1/2-1/2

[Event "SRB-chT2 Vojvodina League"]
[Site "Kac"]
[Date "2012.10.19"]
[Round "8"]
[White "Rajic, Dobrivoje"]
[Black "Orlov, Konstantin N"]
[Result "1/2-1/2"]
[WhiteElo "2105"]
[BlackElo "2247"]
[PlyCount "26"]
[EventDate "2012.10.14"]
[EventType "team-swiss"]
[EventRounds "11"]
[EventCountry "SRB"]
[SourceTitle "EXT 2015"]
[Source "ChessBase"]
[SourceDate "2014.11.20"]
[SourceVersion "1"]
[SourceVersionDate "2014.11.20"]
[SourceQuality "1"]

1. e4 c5 2. Nf3 d6 3. b3 Nf6 4. e5 dxe5 5. Nxe5 e6 6. Bb2 Be7 7. g3 0-0 8. Bg2 Qc7 9. 0-0 Nbd7 10. Qe2 Nxe5 11. Bxe5 Bd6 12. Bb2 e5 13. d3 Bg4 1/2-1/2

[Event "SRB-chT2 Vojvodina League"]
[Site "Kac"]
[Date "2012.10.15"]
[Round "2"]
[White "Kosanovic, Goran A"]
[Black "Orlov, Konstantin N"]
[Result "1/2-1/2"]
[WhiteElo "2363"]
[BlackElo "2247"]
[PlyCount "71"]
[EventDate "2012.10.14"]
[EventType "team-swiss"]
[EventRounds "11"]
[EventCountry "SRB"]
[SourceTitle "EXT 2015"]
[Source "ChessBase"]
[SourceDate "2014.11.20"]
[SourceVersion "1"]
[SourceVersionDate "2014.11.20"]
[SourceQuality "1"]

1. e4 c5 2. Nc3 Nc6 3. g3 g6 4. Bg2 Bg7 5. d3 Nf6 6. f4 d6 7. Nf3 Rb8 8. 0-0 0-0 9. h3 b5 10. Nh4 Nd4 11. Ne2 e5 12. Nxd4 cxd4 13. fxe5 Nh5 14. Nf5 dxe5 15. Nxg7 Nxg7 16. Bh6 Be6 17. Qd2 Rc8 18. Rf2 f6 19. a4 Qd7 20. axb5 Rf7 21. Ra6 Qxb5 22. Qa5 Qxa5 23. Rxa5 Ne8 24. Ra6 Re7 25. c4 dxc3 26. bxc3 Rxc3 27. Bd2 Rxd3 28. Bb4 Bc8 29. Raxf6 Nxf6 30. Bxe7 Nd7 31. Kh2 Bb7 32. h4 Kg7 33. Rb2 Nb6 34. Rf2 Nd7 35. Rb2 Nb6 36. Rf2 1/2-1/2

[Event "Belgrade-chT"]
[Site "Belgrade"]
[Date "2011.10.01"]
[Round "1.1"]
[White "Damjanovic, Dragan"]
[Black "Orlov, Konstantin N"]
[Result "0-1"]
[WhiteElo "2260"]
[BlackElo "2250"]
[PlyCount "65"]
[EventDate "2011.10.01"]
[EventType "team-tourn"]
[EventRounds "11"]
[EventCountry "SRB"]
[SourceTitle "CBM 144 Extra"]
[Source "ChessBase"]
[SourceDate "2011.10.28"]
[SourceVersion "1"]
[SourceVersionDate "2011.10.28"]
[SourceQuality "1"]
[WhiteTeam "Belgrade Vodovod"]
[BlackTeam "Belgrade Radnicki"]
[WhiteTeamCountry "YUG"]
[BlackTeamCountry "YUG"]

1. d4 Nf6 2. c4 e6 3. Nc3 Bb4 4. Qc2 c5 5. dxc5 Na6 6. a3 Bxc3+ 7. Qxc3 Nxc5 8. b4 Nce4 9. Qd4 h6 10. f3 Ng5 11. Qd6 Qe7 12. Bf4 Nh5 13. Be5 Qxd6 14. Bxd6 f5 15. Rd1 Nf7 16. Bc7 b6 17. e3 Ba6 18. b5 Bb7 19. h4 Rc8 20. Bh2 Nf6 21. Bd3 d5 22. Rc1 dxc4 23. Rxc4 Ke7 24. Ne2 g5 25. Ra4 Rhd8 26. Rxa7 Rxd3 27. Rxb7+ Nd7 28. hxg5 hxg5 29. Kf2 Rc2 30. Bc7 Rdd2 31. Re1 Nc5 32. Ra7 Nd3+ 33. Kf1 0-1

[Event "Belgrade tt Cup"]
[Site "Belgrade"]
[Date "2011.04.17"]
[Round "5"]
[White "Skare, Goran"]
[Black "Orlov, Konstantin N"]
[Result "1-0"]
[WhiteElo "2276"]
[BlackElo "2257"]
[PlyCount "121"]
[EventDate "2011.04.13"]
[EventType "team-tourn"]
[EventRounds "5"]
[EventCountry "SRB"]
[SourceTitle "CBM 141 Extra"]
[Source "ChessBase"]
[SourceDate "2011.05.03"]
[SourceVersion "1"]
[SourceVersionDate "2011.05.03"]
[SourceQuality "1"]

1. d4 Nf6 2. c4 e6 3. Nc3 Bb4 4. Qc2 c5 5. dxc5 Na6 6. a3 Bxc3+ 7. Qxc3 Nxc5 8. f3 b6 9. b4 Na6 10. Bf4 d5 11. cxd5 0-0 12. Bg5 exd5 13. Bxf6 gxf6 14. e3 Re8 15. Kf2 Nc7 16. Bd3 Bd7 17. Ne2 Qe7 18. Qd2 Qe5 19. Nd4 Rac8 20. Be2 Re7 21. f4 Qd6 22. Bf3 Nb5 23. Nxb5 Bxb5 24. Rac1 Rd8 25. Qd4 Bc6 26. Rc3 Bb7 27. Rhc1 Rde8 28. h4 h6 29. g4 Qe6 30. Rg1 Rc8 31. g5 fxg5 32. hxg5 h5 33. Rxc8+ Qxc8 34. Rh1 Qc2+ 35. Kg3 Qc4 36. Bxh5 Qxd4 37. exd4 Re3+ 38. Bf3 Rxa3 39. f5 Bc8 40. f6 Bf5 41. Rc1 Be4 42. Kf4 Rxf3+ 43. Ke5 Rf5+ 44. Kd6 Rxg5 45. Ra1 Rg2 46. Rxa7 Rb2 47. Ke7 Bg6 48. Ra8+ Kh7 49. Rd8 Rxb4 50. Rxd5 Rc4 51. Rd8 Rc7+ 52. Kd6 Ra7 53. Rb8 b5 54. d5 Bd3 55. Ke5 Rd7 56. d6 Bc4 57. Rb6 Kg6 58. Rb8 Kg5 59. Rg8+ Kh4 60. Rg1 b4 61. Rd1 1-0

[Event "Belgrade tt Cup"]
[Site "Belgrade"]
[Date "2010.04.18"]
[Round "5.5"]
[White "Orlov, Konstantin N"]
[Black "Tomic, Kosta"]
[Result "1/2-1/2"]
[WhiteElo "2245"]
[BlackElo "2088"]
[PlyCount "66"]
[EventDate "2010.04.14"]
[EventType "team-tourn"]
[EventRounds "5"]
[EventCountry "SRB"]
[SourceTitle "EXT 2012"]
[Source "ChessBase"]
[SourceDate "2011.11.24"]
[SourceVersion "1"]
[SourceVersionDate "2011.11.24"]
[SourceQuality "1"]

1. d4 Nf6 2. c4 c5 3. d5 b5 4. cxb5 a6 5. bxa6 Bxa6 6. Nc3 d6 7. e4 Bxf1 8. Kxf1 g6 9. g3 Bg7 10. Kg2 0-0 11. Nge2 Na6 12. Rb1 Qc7 13. b3 Nd7 14. Bb2 Ne5 15. f4 Ng4 16. Qd2 Qa5 17. h3 Nf6 18. Rhc1 Nd7 19. Qe3 Bh6 20. Na4 Nc7 21. Qc3 Nf6 22. Qxa5 Rxa5 23. Rc4 Rb8 24. Kf3 Nd7 25. Re1 Bg7 26. Bxg7 Kxg7 27. Rd1 Nb5 28. Nac3 Na3 29. Ra4 Rxa4 30. Nxa4 Rb4 31. Nb2 Rb8 32. Rc1 h5 33. Ke3 Rb4 1/2-1/2

[Event "Vojvodina-chT"]
[Site "Sombor"]
[Date "2009.10.01"]
[Round "7"]
[White "Cabarkapa, Novak"]
[Black "Orlov, Konstantin N"]
[Result "1-0"]
[WhiteElo "2033"]
[BlackElo "2267"]
[PlyCount "103"]
[EventDate "2009.09.27"]
[EventType "team-swiss"]
[EventRounds "11"]
[EventCountry "YUG"]
[SourceTitle "EXT 2012"]
[Source "ChessBase"]
[SourceDate "2011.11.24"]
[SourceVersion "1"]
[SourceVersionDate "2011.11.24"]
[SourceQuality "1"]

1. e4 c5 2. Nf3 d6 3. c3 Nf6 4. h3 Nc6 5. Bd3 g6 6. 0-0 Bg7 7. Re1 0-0 8. Bf1 e5 9. d4 Qc7 10. dxc5 dxc5 11. Qc2 b6 12. Be3 Bb7 13. Nbd2 Rac8 14. Red1 Rfd8 15. Ne1 h6 16. f3 Qe7 17. Nc4 b5 18. Na3 a6 19. Qf2 Bf8 20. Nd3 Nd7 21. Kh1 c4 22. Ne1 Nc5 23. Rd5 Rxd5 24. exd5 Nb8 25. Rd1 Qd6 26. Qh4 Kh7 27. Bxc4 bxc4 28. Nxc4 Qd8 29. Qxd8 Rxd8 30. d6 Nbd7 31. b4 Na4 32. Na5 Ba8 33. c4 Nb8 34. c5 Nc6 35. Nc4 Nxb4 36. Nxe5 Nc6 37. Nxc6 Bxc6 38. Nd3 Bb5 39. Ne5 f6 40. Ng4 Bg7 41. Bd4 f5 42. Nf6+ Bxf6 43. Bxf6 Rd7 44. Bd4 Kg8 45. Re1 Kf7 46. Kh2 Bc6 47. Kg3 Rb7 48. Kf4 Nb2 49. Bxb2 Rxb2 50. Re7+ Kf6 51. Rc7 Bb5 52. d7 1-0

[Event "Vojvodina-chT"]
[Site "Sombor"]
[Date "2009.09.29"]
[Round "4"]
[White "Nestorovic, Lazar"]
[Black "Orlov, Konstantin N"]
[Result "1-0"]
[WhiteElo "2259"]
[BlackElo "2267"]
[PlyCount "67"]
[EventDate "2009.09.27"]
[EventType "team-swiss"]
[EventRounds "11"]
[EventCountry "YUG"]
[SourceTitle "EXT 2012"]
[Source "ChessBase"]
[SourceDate "2011.11.24"]
[SourceVersion "1"]
[SourceVersionDate "2011.11.24"]
[SourceQuality "1"]

1. e4 c5 2. Nf3 e6 3. d4 cxd4 4. Nxd4 Nf6 5. Nc3 d6 6. Be3 Be7 7. f3 0-0 8. Qd2 a6 9. 0-0-0 b5 10. g4 Bb7 11. g5 Nh5 12. h4 Nc6 13. Nxc6 Bxc6 14. Bh3 b4 15. Ne2 Qa5 16. Kb1 d5 17. Bg4 g6 18. Bxh5 gxh5 19. Nd4 Rfc8 20. e5 Bc5 21. f4 Bxd4 22. Bxd4 Ba4 23. b3 Be8 24. f5 Rc6 25. f6 Rac8 26. Rc1 Rc3 27. Qd1 Bb5 28. Qxh5 Rxc2 29. Rxc2 Rxc2 30. a4 Bd3 31. Qh6 Rh2+ 32. Ka1 Rxh1+ 33. Ka2 Rh2+ 34. Bb2 1-0

[Event "SRB-chT Cup"]
[Site "Zlatibor"]
[Date "2008.06.18"]
[Round "3.8"]
[White "Pajic, Milomir"]
[Black "Orlov, Konstantin N"]
[Result "0-1"]
[WhiteElo "2210"]
[BlackElo "2248"]
[PlyCount "56"]
[EventDate "2008.06.16"]
[EventType "team"]
[EventRounds "9"]
[EventCountry "YUG"]
[SourceTitle "CBM 125 Extra"]
[Source "ChessBase"]
[SourceDate "2008.09.01"]
[SourceVersion "1"]
[SourceVersionDate "2008.09.01"]
[SourceQuality "1"]

1. c4 Nf6 2. Nc3 e5 3. Nf3 Nc6 4. g3 g6 5. Bg2 Bg7 6. 0-0 0-0 7. d3 d6 8. a3 Bg4 9. Rb1 a5 10. b4 axb4 11. axb4 Re8 12. h3 Bd7 13. Bg5 Qc8 14. b5 Nd8 15. Bxf6 Bxf6 16. Nd5 Bg7 17. b6 Ne6 18. bxc7 Ra7 19. Nb6 Qxc7 20. Nxd7 Qxd7 21. Nd2 Nc5 22. Kh2 f5 23. Bd5+ Kh8 24. Nf3 e4 25. dxe4 fxe4 26. Nd4 e3 27. f3 Ra2 28. Re1 Rd2 0-1